<?xml version='1.0' encoding='UTF-8'?>
  <record xmlns="http://www.loc.gov/MARC21/slim">
    <leader>00000cam a2200000 i 4500</leader>
    <controlfield tag="001">ocm02185851</controlfield>
    <controlfield tag="003">OCoLC</controlfield>
    <controlfield tag="005">20220629152835.7</controlfield>
    <controlfield tag="008">760521s1896    enk           000 0 eng  </controlfield>
    <datafield tag="010" ind1=" " ind2=" ">
      <subfield code="a">   51050979 </subfield>
    </datafield>
    <datafield tag="040" ind1=" " ind2=" ">
      <subfield code="a">DLC</subfield>
      <subfield code="b">eng</subfield>
      <subfield code="c">AKR</subfield>
      <subfield code="d">OCLCQ</subfield>
      <subfield code="d">CLU</subfield>
      <subfield code="d">AMAZN</subfield>
      <subfield code="d">UKMGB</subfield>
      <subfield code="d">OCLCQ</subfield>
      <subfield code="d">OCLCF</subfield>
      <subfield code="d">OCLCO</subfield>
      <subfield code="d">UEJ</subfield>
      <subfield code="d">OCLCQ</subfield>
      <subfield code="d">OCLCO</subfield>
      <subfield code="d">HCO</subfield>
      <subfield code="d">UKUOY</subfield>
      <subfield code="d">QGJ</subfield>
      <subfield code="d">OCL</subfield>
      <subfield code="d">OCLCQ</subfield>
    </datafield>
    <datafield tag="016" ind1="7" ind2=" ">
      <subfield code="a">003798096</subfield>
      <subfield code="2">Uk</subfield>
    </datafield>
    <datafield tag="019" ind1=" " ind2=" ">
      <subfield code="a">1000990487</subfield>
    </datafield>
    <datafield tag="035" ind1=" " ind2=" ">
      <subfield code="a">(OCoLC)2185851</subfield>
      <subfield code="z">(OCoLC)1000990487</subfield>
    </datafield>
    <datafield tag="043" ind1=" " ind2=" ">
      <subfield code="a">e-uk-wl</subfield>
      <subfield code="a">e-uk---</subfield>
    </datafield>
    <datafield tag="050" ind1="0" ind2="4">
      <subfield code="a">HD599.W2</subfield>
      <subfield code="b">V48</subfield>
    </datafield>
    <datafield tag="082" ind1="1" ind2="4">
      <subfield code="a">333.0</subfield>
      <subfield code="b">V77</subfield>
    </datafield>
    <datafield tag="100" ind1="1" ind2=" ">
      <subfield code="a">Vincent, J. E.</subfield>
      <subfield code="q">(James Edmund),</subfield>
      <subfield code="d">1857-1909.</subfield>
    </datafield>
    <datafield tag="245" ind1="1" ind2="4">
      <subfield code="a">The land question in North Wales :</subfield>
      <subfield code="b">being a brief survey of the history, origin, and character of the agragarian agitation and of the nature and effect of the proceedings of the Welsh Land Commission /</subfield>
      <subfield code="c">by J.E. Vincent.</subfield>
    </datafield>
    <datafield tag="260" ind1=" " ind2=" ">
      <subfield code="a">London ;</subfield>
      <subfield code="a">New York :</subfield>
      <subfield code="b">Longmans, Green,</subfield>
      <subfield code="c">1896.</subfield>
    </datafield>
    <datafield tag="300" ind1=" " ind2=" ">
      <subfield code="a">viii, 320 pages ;</subfield>
      <subfield code="c">24 cm</subfield>
    </datafield>
    <datafield tag="336" ind1=" " ind2=" ">
      <subfield code="a">text</subfield>
      <subfield code="b">txt</subfield>
      <subfield code="2">rdacontent</subfield>
    </datafield>
    <datafield tag="337" ind1=" " ind2=" ">
      <subfield code="a">unmediated</subfield>
      <subfield code="b">n</subfield>
      <subfield code="2">rdamedia</subfield>
    </datafield>
    <datafield tag="338" ind1=" " ind2=" ">
      <subfield code="a">volume</subfield>
      <subfield code="b">nc</subfield>
      <subfield code="2">rdacarrier</subfield>
    </datafield>
    <datafield tag="610" ind1="1" ind2="0">
      <subfield code="a">Great Britain.</subfield>
      <subfield code="b">Royal Commission on Land in Wales and Monmouthshire.</subfield>
    </datafield>
    <datafield tag="650" ind1=" " ind2="0">
      <subfield code="a">Land tenure</subfield>
      <subfield code="z">Wales, North.</subfield>
    </datafield>
    <datafield tag="610" ind1="1" ind2="7">
      <subfield code="a">Great Britain.</subfield>
      <subfield code="b">Royal Commission on Land in Wales and Monmouthshire.</subfield>
      <subfield code="2">fast</subfield>
      <subfield code="0">(OCoLC)fst01913897</subfield>
    </datafield>
    <datafield tag="650" ind1=" " ind2="7">
      <subfield code="a">Land tenure.</subfield>
      <subfield code="2">fast</subfield>
      <subfield code="0">(OCoLC)fst00991362</subfield>
    </datafield>
    <datafield tag="651" ind1=" " ind2="7">
      <subfield code="a">North Wales.</subfield>
      <subfield code="2">fast</subfield>
      <subfield code="0">(OCoLC)fst01692625</subfield>
    </datafield>
    <datafield tag="776" ind1="0" ind2="8">
      <subfield code="i">Online version:</subfield>
      <subfield code="a">Vincent, J.E. (James Edmund), 1857-1909.</subfield>
      <subfield code="t">Land question in North Wales.</subfield>
      <subfield code="d">London, New York, Longmans, Green, 1896</subfield>
      <subfield code="w">(OCoLC)581544606</subfield>
    </datafield>
    <datafield tag="938" ind1=" " ind2=" ">
      <subfield code="a">AMAZON</subfield>
      <subfield code="b">AMZN</subfield>
      <subfield code="n">B002ZVPXZY</subfield>
    </datafield>
  </record>